00483cam a2200193 a 45000010009000000050017000090080041000260100017000670200031000840200028001150400018001430410008001610420008001690800012001770820016001891000007002051010008002122450069002201693203020180302083432.0110823s2013 nyua 001 0 eng  a 2011030993 a9780073406305 (alk. paper) a0073406309 (alk. paper) aDLCcDLCdDLC aeng apcc a512 MIL00a512 MIL2231 a36 aMAT10aIntroductory algebra :cJulie Miller, Molly O'Neill, Nancy Hyde.